1987 White Paper : Communications in Japan

Gorde:
Xehetasun bibliografikoak
Erakunde egilea: Ministry of Posts and Telecommunications
Formatua: Liburua
Hizkuntza:Undetermined
Argitaratua: Tokyo Ministry of Posts and Telecommunications 1987
Gaiak:
Etiketak: Etiketa erantsi
Etiketarik gabe, Izan zaitez lehena erregistro honi etiketa jartzen!
Thư viện lưu trữ: Trung tâm Học liệu Trường Đại học Cần Thơ
LEADER 00573nam a2200193Ia 4500
001 CTU_98262
008 210402s9999 xx 000 0 und d
082 |a 384.52 
082 |b M665 
110 |a Ministry of Posts and Telecommunications 
245 0 |a 1987 White Paper : 
245 0 |b Communications in Japan 
245 0 |c Ministry of Posts and Telecommunications 
260 |a Tokyo 
260 |b Ministry of Posts and Telecommunications 
260 |c 1987 
650 |a Communications 
904 |i Hiếu 
980 |a Trung tâm Học liệu Trường Đại học Cần Thơ